Statistics for Pokémon Villainous Teams

Click here to take the quiz!

General Stats

  • This quiz has been taken 25 times
  • The average score is 26 of 40

Answer Stats

RegionTeam NameRoleAnswer% Correct
KantoTeam RocketLeaderGiovanni
100%
JohtoTeam RocketLeaderGiovanni
100%
SinnohTeam GalacticLeaderCyrus
95%
AdminJupiter
90%
AdminMars
90%
AdminSaturn
90%
Team AquaLeaderArchie
85%
AlolaTeam SkullLeaderGuzma
85%
HoennTeam MagmaLeaderMaxie
85%
Aether FoundationLeaderLusamine
80%
KalosTeam FlareLeaderLysandre
80%
AdminMarnie
80%
Neo Team PlasmaLeaderGhetsis
75%
UnovaTeam PlasmaLeaderGhetsis
75%
LeaderN
75%
GalarTeam YellLeaderPiers
75%
AdminPlumeria
70%
Macro CosmosLeaderRose
70%
AdminArcher
65%
LeaderArcher
65%
AdminFaba
65%
AdminShelly
65%
LeaderColress
60%
AdminOleana
60%
AdminCourtney
55%
AdminMatt
55%
AdminTabitha
55%
AdminAriana
50%
AdminAriana
50%
AdminCharon
50%
AdminWicke
50%
AdminXerosic
45%
AdminCelosia
40%
AdminPetrel
40%
AdminProton
40%
AdminMable
35%
AdminZinzolin
35%
AdminAliana
30%
AdminBryony
30%
AdminShadow Triad
25%

Score Distribution

Percentile by Number Answered

Percent of People with Each Score

Your Score History

You have not taken this quiz